A digest of the law of England with reference to conflict of laws
Shranjeno v:
| Main Authors: | , |
|---|---|
| Format: | Knjiga |
| Jezik: | angleščina |
| Izdano: |
Londres
Stevens and Sons
1927
|
| Teme: | |
| Oznake: |
Označite
Brez oznak, prvi označite!
|
MARC
| LEADER | 00000nam a2200000 a 4500 | ||
|---|---|---|---|
| 001 | UCI5065 | ||
| 003 | CL-VaPUC | ||
| 008 | 080314e19270000UK |||||||||||||||||eng|d | ||
| 082 | 0 | 4 | |a 340.9 |b DIC |2 21 |
| 100 | 0 | |a Dicey, A. V |e author |9 527149 | |
| 700 | 0 | |a Keith, A. Berriedale |e author |9 527150 | |
| 245 | 1 | 2 | |a A digest of the law of England with reference to conflict of laws |
| 300 | |a 1056 p | ||
| 942 | |c BK | ||
| 945 | |d 20080314 00:00:00 |a rbrito | ||
| 260 | |a Londres |b Stevens and Sons |c 1927 | ||
| 500 | |a Donación Padres Capuchinos | ||
| 650 | 0 | |a Derecho inglés |9 385415 | |
| 650 | 7 | |a CONFLICTO DE LEYES |2 CL-VaPUC |9 381928 | |
| 650 | 0 | |a Historia del derecho |9 255109 | |
| 651 | 0 | |a Inglaterra |9 255158 | |
| 583 | |a last modification |c 20080314 00:00:00 |k Rodrigo Vera | ||
| 999 | |c 328829 |d 328827 | ||
| 952 | |0 0 |1 0 |4 0 |6 340_900000000000000_DIC_1927 |7 0 |8 X |9 413007 |a FDOBUD |b FDOBUD |d 2019-11-22 |i 4411404 |o 340.9 DIC 1927 |p 4411404 |r 2019-11-22 |w 2019-11-22 |y BK_X |k BUD | ||